Nové koncepty udržateľného rozvoja

Enregistré dans:
Détails bibliographiques
Auteur principal: Bosák, Martin, 1967-
Format: Chapitre de livre
Langue:slovaque
Tags: Ajouter un tag
Pas de tags, Soyez le premier à ajouter un tag!

MARC

LEADER 00000nla a2200000 4500
001 0224888
005 20240502073701.9
041 0 |a slo 
044 |a SK 
245 1 0 |a Nové koncepty udržateľného rozvoja  |c Martin Bosák 
500 |a Abstrakt 
100 1 |a Bosák, Martin, 1967-